[Event "13th 4NCL Congress"]
[Site "Wakefield"]
[Date "2017.04.08"]
[Round "3"]
[Board "4"]
[White "Ter-Gevorkian, Aram"]
[Black "Burns, Martin J"]
[Result "1/2-1/2"]
[WhiteElo "1932"]
[BlackElo "1846"]
[PlyCount "128"]
[EventDate "2017.04.07"]
[EventRounds "5"]
[EventCountry "ENG"]

1. e4 e6 2. d4 d5 3. Nc3 Bb4 4. Nge2 dxe4 5. a3 Be7 6. Nxe4 Nf6 7. Nxf6+ Bxf6
8. Be3 O-O 9. Qd2 c5 10. O-O-O Qb6 11. g4 Nc6 12. g5 Bxd4 13. Nxd4 Nxd4 14.
Bxd4 cxd4 15. Qxd4 Qa5 16. f4 b6 17. Bg2 Rb8 18. Rhe1 Bb7 19. Re5 b5 20. Bxb7
Rxb7 21. f5 exf5 22. Rxf5 Qc7 23. h4 Qc8 24. Re5 Qh3 25. Rd5 Rbb8 26. Kb1 a6
27. Qe4 Rbe8 28. Qd4 Rc8 29. b3 Qh2 30. Rd2 Qh1+ 31. Kb2 Rce8 32. Rd1 Qh3 33.
Rg1 Qf3 34. Rg4 Rc8 35. h5 Qe2 36. Qe4 Rxc2+ 37. Qxc2 Qxg4 38. h6 Rc8 39. Qd2
Re8 40. Rd8 Qe6 41. Qc3 f6 42. Rd2 Qe5 43. gxf6 Qxf6 44. Qxf6 gxf6 45. Rg2+ Kh8
46. Kc3 f5 47. Rd2 f4 48. Rd7 Rf8 49. Kd2 f3 50. Ke1 f2+ 51. Kf1 Kg8 52. Rg7+
Kh8 53. Ra7 Kg8 54. Rxa6 Rf3 55. b4 Kf7 56. Rb6 Rf5 57. Ra6 Rf3 58. a4 bxa4 59.
Rxa4 Kf6 60. b5 Rb3 61. Ra6+ Kg5 62. Rb6 Rb2 63. Kg2 Kh5 64. Rb8 Kxh6 1/2-1/2

[Event "13th 4NCL Congress"]
[Site "Wakefield"]
[Date "2017.04.08"]
[Round "3"]
[Board "6"]
[White "Leah, Tom"]
[Black "Balaji, Aaravamudhan"]
[Result "0-1"]
[WhiteElo "1900"]
[BlackElo "1727"]
[PlyCount "86"]
[EventDate "2017.04.07"]
[EventRounds "5"]
[EventCountry "ENG"]

1. e4 e5 2. Nf3 Nc6 3. Bb5 a6 4. Ba4 Nf6 5. O-O Be7 6. Re1 b5 7. Bb3 O-O 8. h3
d5 9. exd5 Nxd5 10. Nxe5 Nxe5 11. Rxe5 c6 12. d4 Bd6 13. Re1 Qh4 14. Be3 Kh8
15. Nd2 Be6 16. Nf3 Qf6 17. c3 Rae8 18. Bc2 Bf5 19. Bg5 Qg6 20. Rxe8 Rxe8 21.
Nh4 Qxg5 22. Nxf5 Bc7 23. Qf3 Qd2 24. Qd1 Qxd1+ 25. Rxd1 g6 26. Ng3 Bxg3 27.
fxg3 Re2 28. Rc1 f5 29. Bd3 Rxb2 30. Rc2 Rxc2 31. Bxc2 Nxc3 32. a3 Ne2+ 33. Kf2
Nxd4 34. Bb1 Kg7 35. Ke3 c5 36. Kd3 Kf6 37. a4 Ke5 38. Ba2 Nc6 39. Bg8 h6 40.
Kc3 Na5 41. Bf7 g5 42. Bg8 b4+ 43. Kc2 Kd4 0-1

[Event "13th 4NCL Congress"]
[Site "Wakefield"]
[Date "2017.04.08"]
[Round "3"]
[Board "7"]
[White "Bowman, Richard L"]
[Black "David, Ivan"]
[Result "0-1"]
[WhiteElo "1772"]
[BlackElo "1883"]
[PlyCount "148"]
[EventDate "2017.04.07"]
[EventRounds "5"]
[EventCountry "ENG"]

1. d4 d6 2. c4 e5 3. d5 c5 4. e4 Nd7 5. Nc3 Be7 6. Bd3 Ngf6 7. Nge2 h5 8. h3 h4
9. Be3 a6 10. a4 Nh5 11. Qd2 b6 12. Na2 a5 13. Nac3 Nf8 14. O-O-O Ng6 15. Rdf1
Bd7 16. Kb1 Qc7 17. Bg5 Bxg5 18. Qxg5 Qd8 19. Qxd8+ Kxd8 20. Kc2 Nhf4 21. Nxf4
exf4 22. b3 Ne5 23. f3 Rh6 24. Rf2 Ke7 25. Ne2 Rf6 26. Nc1 Rh8 27. Re1 Rh5 28.
Bf1 Rg5 29. Kc3 Kd8 30. Ne2 Ng6 31. Nc1 Re5 32. Nd3 Re8 33. Rfe2 Ne5 34. Nc1
Kc7 35. Rf2 Re7 36. Ne2 g5 37. Kd2 Rg6 38. Kc3 Rg8 39. Nc1 Rge8 40. Bd3 f6 41.
Ree2 Nf7 42. Rf1 Nh6 43. Rfe1 Re5 44. Bc2 R5e7 45. Nd3 Nf7 46. Kd2 Ne5 47. Nxe5
Rxe5 48. Kd1 Kd8 49. Kd2 Ke7 50. Bd3 Kf7 51. Bc2 R8e7 52. Bd3 f5 53. Rf1 Kf6
54. Bc2 fxe4 55. fxe4 Bf5 56. Rfe1 Bg6 57. Bd3 Kg7 58. Kd1 Bh5 59. Kd2 Bxe2 60.
Rxe2 Kf6 61. Ke1 Rg7 62. Rf2 Ree7 63. Kd2 Ke5 64. Kc3 g4 65. hxg4 Rxg4 66. Be2
Rg3+ 67. Bf3 Reg7 68. Kc2 h3 69. gxh3 Rxh3 70. Kd2 Rgg3 71. Ke2 Rg1 72. Kd2 Ra1
73. Bd1 Ra2+ 74. Bc2 Rxb3 0-1

[Event "13th 4NCL Congress"]
[Site "Wakefield"]
[Date "2017.04.08"]
[Round "3"]
[Board "8"]
[White "Angheluta, Ovidiu"]
[Black "Desmedt, Richard E"]
[Result "1-0"]
[WhiteElo "1873"]
[BlackElo "1827"]
[PlyCount "77"]
[EventDate "2017.04.07"]
[EventRounds "5"]
[EventCountry "ENG"]

1. e4 d5 2. exd5 Nf6 3. Bb5+ Nbd7 4. Nc3 a6 5. Bc4 b5 6. Bb3 Bb7 7. Nf3 Nc5 8.
Qe2 Nxb3 9. axb3 Nxd5 10. d4 e6 11. Ne4 Be7 12. c3 O-O 13. b4 Nf6 14. Nc5 Bxc5
15. bxc5 Bd5 16. Ne5 Nd7 17. O-O Nxe5 18. Qxe5 Qd7 19. Bf4 c6 20. Ra5 f6 21.
Qc7 Rf7 22. Qb6 Qb7 23. Rfa1 g5 24. Bg3 h5 25. Rxa6 Rxa6 26. Rxa6 Kh7 27. Bb8
Kg6 28. f3 e5 29. dxe5 fxe5 30. Ra7 Qc8 31. Rxf7 Kxf7 32. Bxe5 Ke6 33. Bd4 Qa8
34. h3 Qa1+ 35. Kh2 Qxb2 36. Qd8 Qd2 37. Qe8+ Kf5 38. Qe5+ Kg6 39. Qf6+ 1-0

[Event "13th 4NCL Congress"]
[Site "Wakefield"]
[Date "2017.04.08"]
[Round "3"]
[Board "9"]
[White "Cuaresma, Bien"]
[Black "Goodfellow, Russell R"]
[Result "1-0"]
[WhiteElo "1519"]
[BlackElo "1864"]
[PlyCount "91"]
[EventDate "2017.04.07"]
[EventRounds "5"]
[EventCountry "ENG"]

1. d4 f5 2. Nf3 e6 3. Nc3 Nf6 4. e3 b6 5. Ne2 Bb7 6. Ng3 Na6 7. c3 c5 8. Bd3
Be7 9. O-O O-O 10. Qe2 Nc7 11. a4 a6 12. b3 Ncd5 13. Bd2 f4 14. Ne4 Nxe4 15.
Bxe4 Nxc3 16. Bxh7+ Kxh7 17. Bxc3 Qe8 18. e4 Qh5 19. Rfe1 Rad8 20. Qd3 g5 21.
h3 Kg8 22. Nh2 Bc8 23. f3 Qg6 24. Ng4 d6 25. Qe2 Rf7 26. a5 cxd4 27. Bxd4 b5
28. Rac1 e5 29. Bb6 Re8 30. Rc3 Bf8 31. Rec1 Be6 32. Qc2 Bg7 33. Qd2 Rd7 34.
Rd3 d5 35. exd5 Bf5 36. Rdc3 e4 37. Rc6 Qf7 38. Rc8 Rxc8 39. Rxc8+ Kh7 40. fxe4
Bxe4 41. Qe2 Qxd5 42. Nf2 Bxg2 43. Rc5 Qf3 44. Qc2+ Kg8 45. Rc8+ Bf8 46. Bc5
 1-0

[Event "13th 4NCL Congress"]
[Site "Wakefield"]
[Date "2017.04.08"]
[Round "3"]
[Board "10"]
[White "Holi, Siefaldin A"]
[Black "Dennison, Warren B"]
[Result "0-1"]
[WhiteElo "1740"]
[BlackElo "1923"]
[PlyCount "94"]
[EventDate "2017.04.07"]
[EventRounds "5"]
[EventCountry "ENG"]

1. d3 e5 2. e4 Nc6 3. Nc3 Bc5 4. Nf3 d6 5. Be2 f5 6. O-O Nf6 7. Bg5 Be6 8. a3
h6 9. Bxf6 Qxf6 10. Na4 O-O 11. Nxc5 dxc5 12. c3 Rad8 13. Qc2 f4 14. h3 g5 15.
Nh2 Ne7 16. Rad1 c6 17. Bg4 Bf7 18. Qe2 Qg6 19. Nf3 Qg7 20. Kh2 h5 21. Bf5 Rd6
22. Rfe1 Rfd8 23. g3 g4 24. hxg4 hxg4 25. Nh4 f3 26. Qe3 b6 27. d4 cxd4 28.
cxd4 Rxd4 29. Rxd4 Rxd4 30. Qc1 c5 31. Rd1 Nc6 32. b4 c4 33. b5 Rxd1 34. Qxd1
Nd4 35. Qa4 c3 36. Qxa7 c2 37. Qb8+ Qf8 38. Qc7 Qxa3 39. Qd8+ Qf8 40. Qg5+ Kh8
41. Bg6 Qg7 42. Qh5+ Kg8 43. Bxf7+ Qxf7 44. Qg5+ Kh7 45. Nf5 Nxf5 46. exf5 Qg7
47. Qd2 Qh6+ 0-1

[Event "13th 4NCL Congress"]
[Site "Wakefield"]
[Date "2017.04.08"]
[Round "3"]
[Board "11"]
[White "Evans, Peter Michael"]
[Black "Potter, Steven"]
[Result "1-0"]
[WhiteElo "1712"]
[BlackElo "1911"]
[PlyCount "123"]
[EventDate "2017.04.07"]
[EventRounds "5"]
[EventCountry "ENG"]

1. d4 e6 2. c4 b6 3. Nf3 Bb7 4. a3 f5 5. Nc3 Nf6 6. e3 Be7 7. Bd3 O-O 8. O-O d6
9. Qc2 Nbd7 10. e4 fxe4 11. Nxe4 Nxe4 12. Bxe4 Bxe4 13. Qxe4 e5 14. dxe5 Nc5
15. Qd5+ Kh8 16. exd6 Qxd6 17. Qxd6 Bxd6 18. Be3 h6 19. Rad1 Rae8 20. Rfe1 a5
21. Bd4 Ne6 22. Be3 Nf4 23. g3 Ng6 24. Kg2 Ne5 25. Nxe5 Rxe5 26. Bd4 Re7 27.
Rxe7 Bxe7 28. Be5 Bc5 29. f4 Rf7 30. Rd8+ Kh7 31. Kf3 g5 32. Rc8 gxf4 33. gxf4
Bd6 34. Bxd6 cxd6 35. Rc6 Rf5 36. Rxb6 Rc5 37. Ra6 Rxc4 38. Rxa5 Rc2 39. Rb5
Rxh2 40. a4 d5 41. a5 Rh3+ 42. Kg2 Re3 43. a6 Re6 44. Ra5 Re8 45. Rxd5 Ra8 46.
Ra5 Kg6 47. b4 Kf6 48. b5 Ke7 49. b6 Kd7 50. b7 Rg8+ 51. Kf3 Kc7 52. Rb5 Kb8
53. a7+ Kxa7 54. b8=Q+ Rxb8 55. Rxb8 Kxb8 56. Kg4 Kc7 57. Kh5 Kd6 58. Kxh6 Ke6
59. Kg6 Ke7 60. f5 Kf8 61. Kf6 Kg8 62. Ke7 1-0

[Event "13th 4NCL Congress"]
[Site "Wakefield"]
[Date "2017.04.08"]
[Round "3"]
[Board "12"]
[White "Riding, Mick D"]
[Black "Almazedi, Firas"]
[Result "0-1"]
[WhiteElo "1895"]
[BlackElo "1770"]
[PlyCount "74"]
[EventDate "2017.04.07"]
[EventRounds "5"]
[EventCountry "ENG"]

1. b3 c5 2. Nf3 Nc6 3. e3 e5 4. Bb2 e4 5. Ne5 Nxe5 6. Bxe5 Nf6 7. c4 Be7 8. Nc3
d6 9. Bg3 O-O 10. Be2 Bf5 11. O-O d5 12. cxd5 Nxd5 13. Qc2 Nb4 14. Qd1 Bf6 15.
Bg4 Bxg4 16. Qxg4 Re8 17. Nxe4 Bxa1 18. Rxa1 Qe7 19. f3 Nd5 20. Bd6 Qe6 21. Qg3
b6 22. Rc1 Rad8 23. Bf4 Nxf4 24. Qxf4 Qe5 25. Qh4 h6 26. Qe1 Rd3 27. Qe2 Red8
28. Rc2 Qa1+ 29. Kf2 Qe5 30. Kg1 R3d6 31. Nc3 R6d7 32. e4 Qd4+ 33. Kf1 Qe5 34.
Kg1 Kf8 35. g3 Qd4+ 36. Kg2 Qd3 37. Qd1 Qxc2 0-1

[Event "13th 4NCL Congress"]
[Site "Wakefield"]
[Date "2017.04.08"]
[Round "3"]
[Board "13"]
[White "Taylor, Robert P"]
[Black "Buttell, David"]
[Result "1/2-1/2"]
[WhiteElo "1884"]
[BlackElo "1755"]
[PlyCount "77"]
[EventDate "2017.04.07"]
[EventRounds "5"]
[EventCountry "ENG"]

1. d4 d5 2. Bg5 Nd7 3. e3 Ngf6 4. Bd3 e6 5. Nd2 Be7 6. Ngf3 O-O 7. c3 h6 8. Bh4
c5 9. Qe2 b6 10. dxc5 Nxc5 11. Bc2 Ba6 12. c4 Rc8 13. b4 Nce4 14. b5 Bxb5 15.
Nxe4 dxe4 16. cxb5 exf3 17. gxf3 Qc7 18. Rc1 Kh8 19. O-O Qc4 20. Qxc4 Rxc4 21.
Bxf6 Bxf6 22. Bb3 Rb4 23. Rc7 Rxb5 24. Rxa7 Bc3 25. Rd1 Bb4 26. Rdd7 Rg5+ 27.
Kf1 Rf5 28. f4 Bc5 29. Bc2 Rf6 30. Ke2 g5 31. fxg5 hxg5 32. Be4 Kg7 33. h3 Rh6
34. Bg2 Kg6 35. a4 f5 36. a5 bxa5 37. Rxa5 Bb4 38. Raa7 Bc3 39. Rac7 1/2-1/2

[Event "13th 4NCL Congress"]
[Site "Wakefield"]
[Date "2017.04.08"]
[Round "3"]
[Board "14"]
[White "Pramod Paleri, Adithya"]
[Black "Gibbs, Dominic V"]
[Result "1-0"]
[WhiteElo "1579"]
[BlackElo "1849"]
[PlyCount "147"]
[EventDate "2017.04.07"]
[EventRounds "5"]
[EventCountry "ENG"]

1. d4 f5 2. c4 Nf6 3. Nf3 g6 4. g3 Bg7 5. Bg2 O-O 6. O-O d6 7. Nc3 c6 8. Bf4
Nh5 9. Bd2 e5 10. Bg5 Qe8 11. dxe5 dxe5 12. Be3 Na6 13. Qc2 h6 14. Rad1 Be6 15.
b3 Qe7 16. Nh4 Qf6 17. Rd6 g5 18. Nf3 Qe7 19. Rdd1 f4 20. Bc1 Bf5 21. Qb2 Bf6
22. e4 Be6 23. Ne2 Qf7 24. h3 g4 25. hxg4 Bxg4 26. Bd2 Qg7 27. Kh2 Rae8 28. Bc3
Kh8 29. b4 Rg8 30. Rg1 Bc8 31. Bf1 fxg3+ 32. fxg3 Bg4 33. Bg2 Kh7 34. a3 Nb8
35. Rd3 Nd7 36. Qd2 Nf8 37. Qe1 Ng6 38. Qf2 a6 39. c5 Rd8 40. Rgd1 Rxd3 41.
Rxd3 Rd8 42. Rxd8 Bxd8 43. Nc1 Nf6 44. Nxe5 Nxe5 45. Bxe5 Bh5 46. Bh3 Bg6 47.
Bf5 Bxf5 48. Qxf5+ Kh8 49. Bxf6 Bxf6 50. Nd3 Bd8 51. Qc8 Qe7 52. Nf4 Kh7 53.
Ne6 Qf6 54. Nxd8 Qf2+ 55. Kh3 Qf1+ 56. Kg4 Qe2+ 57. Kf4 Qf2+ 58. Ke5 Qxg3+ 59.
Kd4 Qf2+ 60. Kc3 Qe3+ 61. Kb2 Qd2+ 62. Kb3 Qd1+ 63. Kc4 Qc2+ 64. Kd4 Qb2+ 65.
Ke3 Qxa3+ 66. Kf4 Qc1+ 67. Ke5 Qc3+ 68. Kd6 Qg3+ 69. e5 Qg6+ 70. Qe6 Qd3+ 71.
Kc7 h5 72. Qf7+ Kh6 73. Qf6+ Kh7 74. Qe7+ 1-0

[Event "13th 4NCL Congress"]
[Site "Wakefield"]
[Date "2017.04.08"]
[Round "3"]
[Board "15"]
[White "Jones, Neil T"]
[Black "Davies, Sam"]
[Result "1/2-1/2"]
[WhiteElo "1830"]
[BlackElo "1712"]
[PlyCount "48"]
[EventDate "2017.04.07"]
[EventRounds "5"]
[EventCountry "ENG"]

1. e4 d5 2. exd5 Qxd5 3. Nc3 Qd8 4. d4 Nf6 5. Nf3 Bg4 6. Be2 e6 7. h3 Bh5 8.
Be3 Be7 9. Ne5 Bxe2 10. Qxe2 O-O 11. O-O Qc8 12. Rad1 Rd8 13. Bg5 h6 14. Bxf6
Bxf6 15. Ne4 Bxe5 16. dxe5 Nc6 17. f4 Rxd1 18. Rxd1 Qe8 19. Rd3 Rd8 20. Rg3 Nd4
21. Qh5 Qb5 22. Kh2 Nf5 23. Rb3 Qc6 24. Qf3 Rd4 1/2-1/2

[Event "13th 4NCL Congress"]
[Site "Wakefield"]
[Date "2017.04.08"]
[Round "3"]
[Board "16"]
[White "Han, Yichen"]
[Black "Glover, Gordon L"]
[Result "1-0"]
[WhiteElo "1773"]
[BlackElo "1637"]
[PlyCount "75"]
[EventDate "2017.04.07"]
[EventRounds "5"]
[EventCountry "ENG"]

1. e4 e6 2. d4 d5 3. Nc3 dxe4 4. Nxe4 Bd7 5. Nf3 Bc6 6. Ng3 Nd7 7. Bd3 Ngf6 8.
O-O Be7 9. Qe2 O-O 10. c3 h6 11. Nd2 Re8 12. f4 Nb6 13. Nf3 Bxf3 14. Qxf3 c6
15. f5 Bf8 16. fxe6 fxe6 17. Bg6 Be7 18. Bxe8 Qxe8 19. Re1 Qf7 20. Qe2 Bd6 21.
Qxe6 Bxg3 22. Qxf7+ Kxf7 23. hxg3 Na4 24. Bf4 Nxb2 25. Rab1 Nd3 26. Rxb7+ Kg6
27. Ree7 Nxf4 28. gxf4 Ng4 29. Rxg7+ Kh5 30. Rxa7 Rb8 31. Rab7 Re8 32. Rge7 Ra8
33. Re2 c5 34. d5 c4 35. d6 Ra6 36. Rd2 Rc6 37. d7 Re6 38. Rb1 1-0

[Event "13th 4NCL Congress"]
[Site "Wakefield"]
[Date "2017.04.08"]
[Round "3"]
[Board "17"]
[White "Ansari, Athar"]
[Black "Clegg, Robert"]
[Result "1/2-1/2"]
[WhiteElo "1955"]
[BlackElo "1742"]
[PlyCount "138"]
[EventDate "2017.04.07"]
[EventRounds "5"]
[EventCountry "ENG"]

1. e4 e6 2. d4 d5 3. Nc3 Bb4 4. Qg4 Nf6 5. Qxg7 Rg8 6. Qh6 dxe4 7. Bg5 Rg6 8.
Bxf6 Qxf6 9. Qe3 Nc6 10. O-O-O Bxc3 11. Qxc3 Qxf2 12. Nh3 Qf6 13. Bb5 Bd7 14.
Rhf1 Qg7 15. Nf4 Rh6 16. Be2 Rxh2 17. g4 O-O-O 18. Qe3 f5 19. Rg1 Qh6 20. g5
Qh4 21. Bb5 Qf2 22. Qxf2 Rxf2 23. Nh5 Be8 24. Nf6 Bg6 25. d5 exd5 26. Nxd5 Rxd5
27. Rxd5 Rxc2+ 28. Kxc2 Nb4+ 29. Kc3 Nxd5+ 30. Kd4 c6 31. Bc4 Nb6 32. Be6+ Kd8
33. Rf1 Nd5 34. Bxf5 Bxf5 35. Rxf5 e3 36. Rf1 Ke7 37. Rh1 Kf7 38. Rxh7+ Kg6 39.
Rh1 Kxg5 40. Kd3 a5 41. a3 Kf4 42. Rh7 b5 43. Rf7+ Ke5 44. b3 Kd6 45. Ra7 a4
46. bxa4 bxa4 47. Rxa4 Kc5 48. Rc4+ Kb5 49. Re4 Kc5 50. a4 Kb6 51. Kc4 Ka5 52.
Kc5 Nc3 53. Rxe3 Nxa4+ 54. Kxc6 Kb4 55. Re4+ Kb3 56. Rh4 Nb2 57. Kb5 Kc3 58.
Kc5 Nd3+ 59. Kd5 Nb4+ 60. Ke4 Kc4 61. Rh1 Kc5 62. Rc1+ Kd6 63. Kd4 Nc6+ 64. Kc4
Ne5+ 65. Kb5 Kd5 66. Rd1+ Ke4 67. Kc5 Nd3+ 68. Kd6 Nf4 69. Re1+ Kd4 1/2-1/2

[Event "13th 4NCL Congress"]
[Site "Wakefield"]
[Date "2017.04.08"]
[Round "3"]
[Board "18"]
[White "Parnian, Arya"]
[Black "May, Paul"]
[Result "1/2-1/2"]
[WhiteElo "1712"]
[BlackElo "1810"]
[PlyCount "95"]
[EventDate "2017.04.07"]
[EventRounds "5"]
[EventCountry "ENG"]

1. Nf3 g6 2. c4 Bg7 3. g3 e5 4. d3 d6 5. Bg2 f5 6. Nbd2 Nh6 7. O-O Nf7 8. Rb1
Nc6 9. b4 O-O 10. b5 Ne7 11. Bb2 c6 12. a4 Be6 13. Bc3 d5 14. e3 Re8 15. Qc2
Qc7 16. Rfc1 cxb5 17. axb5 a5 18. Qa4 dxc4 19. Nxc4 Bxc4 20. dxc4 e4 21. Bxg7
exf3 22. Qa1 Ng5 23. Bh8 Nc8 24. h4 fxg2 25. hxg5 b6 26. Kxg2 Nd6 27. c5 bxc5
28. Rxc5 Qb7+ 29. Kg1 Re7 30. Bf6 Rf7 31. Qa2 Ne4 32. Rc6 Nxf6 33. Rxf6 Kf8 34.
Rxf7+ Qxf7 35. Qxf7+ Kxf7 36. b6 Rb8 37. Kg2 a4 38. Ra1 Rxb6 39. Rxa4 Rb7 40.
Kf3 Kg7 41. Rh4 Re7 42. e4 fxe4+ 43. Rxe4 Rf7+ 44. Ke3 h5 45. gxh6+ Kxh6 46.
Rf4 Re7+ 47. Kf3 Kg5 48. Kg2 1/2-1/2

[Event "13th 4NCL Congress"]
[Site "Wakefield"]
[Date "2017.04.08"]
[Round "3"]
[Board "19"]
[White "Graham, Neil"]
[Black "Robinson, Brian"]
[Result "1/2-1/2"]
[WhiteElo "1804"]
[BlackElo "1576"]
[PlyCount "65"]
[EventDate "2017.04.07"]
[EventRounds "5"]
[EventCountry "ENG"]

1. d4 d5 2. e4 e6 3. Be3 dxe4 4. Nd2 Nf6 5. f3 Nd5 6. Qe2 Nc6 7. fxe4 Nxe3 8.
Qxe3 Qxd4 9. Qxd4 Nxd4 10. O-O-O Bd7 11. c3 Nc6 12. Ngf3 Bc5 13. Nb3 Be7 14.
Be2 O-O-O 15. Rd3 e5 16. Rhd1 Be6 17. Rxd8+ Rxd8 18. Rxd8+ Kxd8 19. Bb5 Bd7 20.
Nbd2 a6 21. Bxc6 Bxc6 22. Nxe5 Be8 23. Kc2 f6 24. Nef3 Bf7 25. Kd3 c5 26. b3 b5
27. c4 Kd7 28. e5 Bg6+ 29. Ke3 Ke6 30. exf6 Bxf6 31. Ne4 Be7 32. Ne1 Bxe4 33.
Kxe4 1/2-1/2

[Event "13th 4NCL Congress"]
[Site "Wakefield"]
[Date "2017.04.08"]
[Round "3"]
[Board "20"]
[White "Stone, Ian C"]
[Black "Procter, Colin S"]
[Result "1-0"]
[WhiteElo "1668"]
[BlackElo "1804"]
[PlyCount "105"]
[EventDate "2017.04.07"]
[EventRounds "5"]
[EventCountry "ENG"]

1. c4 e6 2. Nc3 d5 3. b3 Nf6 4. e3 d4 5. exd4 Qxd4 6. Nf3 Qd8 7. Be2 c5 8. O-O
Nc6 9. Bb2 Be7 10. d3 O-O 11. a3 b6 12. Qc2 Bb7 13. Rad1 e5 14. Ne4 Nd4 15.
Nxf6+ Bxf6 16. Bxd4 exd4 17. Rde1 Qd7 18. Bd1 Rae8 19. Nd2 Rxe1 20. Rxe1 Re8
21. Rxe8+ Qxe8 22. Nf1 g6 23. Be2 Bg5 24. Qd1 f5 25. Bf3 Qe7 26. Bxb7 Qxb7 27.
h3 Kf7 28. Nh2 b5 29. Nf3 Bf6 30. cxb5 Qxb5 31. Qc2 Qa5 32. Qc4+ Kg7 33. b4
cxb4 34. axb4 Qb6 35. b5 Be7 36. g4 fxg4 37. hxg4 h5 38. Ne5 Qf6 39. Qxd4 hxg4
40. Qe4 g3 41. fxg3 Bc5+ 42. d4 Bb6 43. Qb7+ Kg8 44. Qe4 Kg7 45. Kg2 Qg5 46.
Nf3 Qxb5 47. Qe7+ Kh6 48. Qe1 Kh7 49. Qe7+ Kh6 50. g4 Qc6 51. Kg3 g5 52. Qf8+
Kg6 53. Ne5+ 1-0

[Event "13th 4NCL Congress"]
[Site "Wakefield"]
[Date "2017.04.08"]
[Round "3"]
[Board "21"]
[White "Brown, Geoffrey D"]
[Black "Radford, Mark Sr"]
[Result "1-0"]
[WhiteElo "1545"]
[BlackElo "1772"]
[PlyCount "81"]
[EventDate "2017.04.07"]
[EventRounds "5"]
[EventCountry "ENG"]

1. e4 e6 2. Nf3 d5 3. e5 c5 4. b4 Bd7 5. bxc5 Bxc5 6. d4 Be7 7. Bd3 Nc6 8. c3
Qc7 9. O-O O-O-O 10. a4 h6 11. Ba3 g5 12. Bxe7 Ngxe7 13. Na3 a6 14. Qe2 Rdg8
15. Rfb1 Kd8 16. Qb2 Bc8 17. c4 dxc4 18. Nxc4 Nd5 19. Nd6 f6 20. Nxc8 Kxc8 21.
Rc1 Nf4 22. Bc4 g4 23. Nd2 f5 24. Nb3 h5 25. Bxa6 bxa6 26. Rxc6 Qxc6 27. Rc1
Qxc1+ 28. Qxc1+ Kd7 29. Qxf4 Rb8 30. Nc5+ Kc6 31. g3 h4 32. Qc1 Kd5 33. gxh4
Rxh4 34. Nxa6 Rbh8 35. Qf4 g3 36. Qf3+ Kxd4 37. Qe3+ Kc4 38. hxg3 Rh2 39. Kf1
Rh1+ 40. Ke2 Rg1 41. Qd3# 1-0

[Event "13th 4NCL Congress"]
[Site "Wakefield"]
[Date "2017.04.08"]
[Round "3"]
[Board "22"]
[White "Clarke, Paul Rh"]
[Black "France, John M"]
[Result "1/2-1/2"]
[WhiteElo "1763"]
[BlackElo "1598"]
[PlyCount "39"]
[EventDate "2017.04.07"]
[EventRounds "5"]
[EventCountry "ENG"]

1. d4 c5 2. d5 Nf6 3. Nc3 d6 4. e4 g6 5. Bb5+ Bd7 6. Bc4 Bg7 7. f4 O-O 8. Nf3
b5 9. e5 dxe5 10. fxe5 Ng4 11. Bxb5 Bxb5 12. Nxb5 Qa5+ 13. Nc3 Nxe5 14. Nxe5
Bxe5 15. Bd2 Qb4 16. Rb1 Qh4+ 17. Kf1 Nd7 18. Qf3 Bd4 19. Bf4 Be5 20. Ne2
 1/2-1/2

[Event "13th 4NCL Congress"]
[Site "Wakefield"]
[Date "2017.04.08"]
[Round "3"]
[Board "23"]
[White "Hadfield, Roy"]
[Black "Walshaw, David"]
[Result "0-1"]
[WhiteElo "1635"]
[BlackElo "1689"]
[PlyCount "54"]
[EventDate "2017.04.07"]
[EventRounds "5"]
[EventCountry "ENG"]

1. d4 g6 2. c4 Bg7 3. Nc3 c5 4. d5 Bxc3+ 5. bxc3 f5 6. Nf3 d6 7. Bg5 Nd7 8. g3
Qa5 9. Qc2 Ngf6 10. Bh6 Rg8 11. Bh3 Ne4 12. Bd2 Nb6 13. Qb3 Bd7 14. O-O Qa6 15.
Bc1 Ba4 16. Qb1 Qxc4 17. Bd2 Qxe2 18. Bg2 Nxd2 19. Nxd2 Qxd2 20. Re1 Qc2 21.
Rxe7+ Kxe7 22. Qe1+ Kd7 23. Qe6+ Kc7 24. Qf7+ Bd7 25. Re1 Rge8 26. Re6 Qd1+ 27.
Bf1 Qxd5 0-1

[Event "13th 4NCL Congress"]
[Site "Wakefield"]
[Date "2017.04.08"]
[Round "3"]
[Board "24"]
[White "Grobler, David J"]
[Black "Czestochowski, Eddie"]
[Result "1/2-1/2"]
[WhiteElo "1686"]
[BlackElo "1675"]
[PlyCount "52"]
[EventDate "2017.04.07"]
[EventRounds "5"]
[EventCountry "ENG"]

1. e4 e6 2. d4 d5 3. e5 c5 4. c3 Nc6 5. Nf3 Qb6 6. a3 c4 7. Nbd2 Be7 8. g3 f6
9. b4 a5 10. Rb1 axb4 11. axb4 Nh6 12. Bh3 O-O 13. O-O Nf7 14. b5 Na7 15. exf6
Bxf6 16. Ba3 Re8 17. Bc5 Qd8 18. b6 Nc6 19. Qc2 Be7 20. Bxe7 Qxe7 21. Ra1 Bd7
22. Qb2 g5 23. Rxa8 Rxa8 24. Ra1 Qd8 25. Re1 Qf6 26. Ra1 Qd8 1/2-1/2

[Event "13th 4NCL Congress"]
[Site "Wakefield"]
[Date "2017.04.09"]
[Round "4"]
[Board "1"]
[White "Hopkins, Kit H"]
[Black "Angheluta, Ovidiu"]
[Result "1-0"]
[WhiteElo "1997"]
[BlackElo "1873"]
[PlyCount "67"]
[EventDate "2017.04.07"]
[EventRounds "5"]
[EventCountry "ENG"]

1. c4 c5 2. Nc3 Nc6 3. g3 g6 4. Bg2 Bg7 5. a3 a6 6. Rb1 Rb8 7. b4 cxb4 8. axb4
b5 9. cxb5 axb5 10. Nf3 e5 11. e4 Nge7 12. O-O O-O 13. Ne1 d6 14. Nc2 f5 15. d3
f4 16. gxf4 exf4 17. d4 Qb6 18. Bb2 Kh8 19. d5 Ne5 20. Nd4 Nc4 21. Nce2 Nxb2
22. Rxb2 f3 23. Bxf3 Rxf3 24. Nxf3 Bxb2 25. Qd2 Bf6 26. Qh6 Bg7 27. Qh4 Ng8 28.
Ng5 Nh6 29. Nf4 Kg8 30. Rc1 Qd8 31. Qg3 Ng4 32. Nge6 Bxe6 33. Nxe6 Qd7 34. Rc7
 1-0

[Event "13th 4NCL Congress"]
[Site "Wakefield"]
[Date "2017.04.09"]
[Round "4"]
[Board "2"]
[White "David, Ivan"]
[Black "Cohen, Gerald M"]
[Result "1/2-1/2"]
[WhiteElo "1883"]
[BlackElo "1982"]
[PlyCount "115"]
[EventDate "2017.04.07"]
[EventRounds "5"]
[EventCountry "ENG"]

1. d4 Nf6 2. Bf4 d6 3. h3 g6 4. e3 Bg7 5. Be2 O-O 6. Nf3 b6 7. O-O Bb7 8. Bh2
Nbd7 9. c4 Ne4 10. Nbd2 e5 11. Nxe4 Bxe4 12. dxe5 Nxe5 13. Nxe5 dxe5 14. f3 Bb7
15. Qxd8 Raxd8 16. Rad1 c5 17. Rxd8 Rxd8 18. Rd1 Rxd1+ 19. Bxd1 f5 20. Kf2 Kf7
21. Ba4 Ba6 22. b3 Bb7 23. Ke2 Ke6 24. Kd3 e4+ 25. Ke2 exf3+ 26. gxf3 Be5 27.
Bg1 Bg3 28. a3 a5 29. Bf2 Bxf2 30. Kxf2 g5 31. Be8 Ke5 32. Bd7 h5 33. Be8 h4
34. Bd7 Ba8 35. a4 Bb7 36. Ke2 f4 37. Bg4 Bc6 38. Kd3 Be8 39. e4 Bg6 40. Ke2
Kd4 41. Kd2 Bf7 42. Kc2 Ke3 43. Kc3 Bg6 44. e5 Bf7 45. Kc2 Kd4 46. e6 Be8 47.
Kd2 Ke5 48. Kc3 Kd6 49. Kd2 Bg6 50. Kc3 Bh7 51. Kd2 Ke7 52. Kc3 Bg8 53. Kd3 Kd6
54. Bf5 Ke7 55. Ke4 Bxe6 56. Ke5 Bf7 57. Be4 Be6 58. Bf5 1/2-1/2

[Event "13th 4NCL Congress"]
[Site "Wakefield"]
[Date "2017.04.09"]
[Round "4"]
[Board "3"]
[White "Balaji, Aaravamudhan"]
[Black "Pink, Joshua"]
[Result "1/2-1/2"]
[WhiteElo "1727"]
[BlackElo "1915"]
[PlyCount "150"]
[EventDate "2017.04.07"]
[EventRounds "5"]
[EventCountry "ENG"]

1. d4 Nf6 2. c4 c5 3. d5 e6 4. Nc3 exd5 5. cxd5 d6 6. g3 g6 7. Bg2 Bg7 8. Nf3
O-O 9. O-O Re8 10. Bg5 h6 11. Bxf6 Bxf6 12. Qd2 Bg7 13. Ne1 Bg4 14. e4 Qd7 15.
f4 b5 16. a3 a6 17. Nd3 Bh3 18. f5 Bxg2 19. Kxg2 Qe7 20. Rae1 Nd7 21. fxg6 fxg6
22. Nf4 Nf8 23. h4 Ra7 24. Qe2 Qe5 25. Qg4 h5 26. Qf3 Rf7 27. Qe3 Rfe7 28. Nd3
Qd4 29. Rf3 Qc4 30. Nf2 b4 31. axb4 cxb4 32. Ncd1 Nd7 33. b3 Qc5 34. Re2 Qxe3
35. Nxe3 Nc5 36. Nc4 Be5 37. Na5 Rf7 38. Rxf7 Kxf7 39. Ra2 Ke7 40. Nc6+ Kd7 41.
Nxb4 Nxb3 42. Rxa6 Bd4 43. Nbd3 Nd2 44. Ra4 Bb6 45. Ra6 Kc7 46. Ra4 Kb7 47. Kh3
Rf8 48. Kg2 Rc8 49. Ra2 Be3 50. Rb2+ Ka7 51. Nb4 Rf8 52. Nbd3 Rc8 53. Nd1 Bh6
54. N1f2 Rc3 55. Nb4 Rc4 56. Nc6+ Ka6 57. e5 dxe5 58. Nxe5 Rd4 59. Nxg6 Rxd5
60. Rb4 Be3 61. Nf4 Rc5 62. Ne4 Ka5 63. Nxc5 Kxb4 64. Nce6 Kc4 65. Nxh5 Kd5 66.
Neg7 Ke5 67. g4 Ne4 68. Ng3 Nf6 69. Kf3 Bb6 70. g5 Bd8 71. N7h5 Nxh5 72. g6 Kf6
73. Nxh5+ Kxg6 74. Nf4+ Kh6 75. h5 Bc7 1/2-1/2